Analysis of Feature Extraction and Image Classification (Record no. 64812)
[ view plain ]
| 000 -LEADER | |
|---|---|
| fixed length control field | 01888nam a22001457a 4500 |
| 082 ## - DEWEY DECIMAL CLASSIFICATION NUMBER | |
| Classification number | R/IMS-19 |
| -- | 15-MS(IT)-14 |
| 100 ## - MAIN ENTRY--AUTHOR NAME | |
| Personal name | Dharejo, Hina |
| -- | 15-MS(IT)-14 |
| -- | Supervisor - Dr. Fareed Ahmed Jokhio |
| 245 ## - TITLE STATEMENT | |
| Title | Analysis of Feature Extraction and Image Classification |
| 260 ## - PUBLICATION, DISTRIBUTION, ETC. (IMPRINT) | |
| Place of publication | Nawabshah: |
| Name of publisher | Quest, |
| Year of publication | 2019. |
| 300 ## - PHYSICAL DESCRIPTION | |
| Number of Pages | 56p |
| 500 ## - GENERAL NOTE | |
| General note | ABTRACT<br/><br/>In this thesis performance a classifier i.e. Support machine (SVM) linear kernel mapping is analyzed. various classes of images of Dataset PASCAL VOC 2007 are used for classification. The dataset of consists of different classes whose features are extracted by using Scale Invariant Feature transform (SIFT) and quantized into visual words. Then he frequency of vectors is recorded in a histogram for each spatial tile of the image. Then the resulting vectors (features are used to train the (SVM) for different class of images and evaluate the performance of the classifier. The analyzing results give us the performance accuracy of different classes of images with different representation and performance of the SVM classifier is measured by using different parameters such ascomputation Time: Accuracy. Precision and Recall curveand Average Precision.<br/>SVM is powerful classification algorithm alternative to neural network. A.s compare to the neural network SVM classifier gives high generalization performance when the measurement of the input pace is very high and no need to add a prior knowledge.<br/><br/>It is observed from theparameters PR Curve and AP value that the performance of the classifier is increased a it learn m re and m r positive images given are contained in the dataset.<br/><br/>Keywords: feature Extraction. Image Classification. Linear kernel. SIIFT Support Vector machine.<br/> |
| 700 ## - ADDED ENTRY--PERSONAL NAME | |
| Personal name | Department of information technology faculty of science |
| 856 ## - ELECTRONIC LOCATION AND ACCESS | |
| Uniform Resource Identifier | http://tinyurl.com/v6wxdwnr |
| 942 ## - ADDED ENTRY ELEMENTS (KOHA) | |
| Koha item type | Thesis and Dissertation |
| Withdrawn status | Lost status | Home library | Current library | Date acquired | Full call number | Accession Number | Koha item type |
|---|---|---|---|---|---|---|---|
| Research Section | Research Section | 01/07/2019 | R/IMS-19 | MP/41-447 | Thesis and Dissertation | ||
| Research Section | Research Section | 15/12/2023 | MP/54682 | Thesis and Dissertation |